000 00586nam a22002417a 4500
003 UA-OsUOA
001 84747
007 ta
008 20120608b un ||||| |||| 00| 0 ukr d
100 _aСтечишин М.
090 _a821.161.2
_bС79
942 _cBK
040 _aUA-OsUOA
_bukr
_cUA-OsUOA
_dUA-OsUOA
245 _aБайки
300 _a186 с.
955 _a3
041 _aukr
080 _a821.161.2
260 _aВінніпег
_c1959
246 3 1 _aЧ. 1
_n
650 7 _a82 Література. Літературознавство
_2UDC
999 _c371061
_d371061